|
|
|
|
| LEADER |
00000nas a2200000 i 4500 |
| 001 |
ssj0001755538 |
| 003 |
WaSeSS |
| 005 |
20200512172242.0 |
| 006 |
m d |
| 007 |
cr n |
| 008 |
170217c20169999gaufr p s 0 a0eng |
| 010 |
|
|
|a 2017200862
|
| 022 |
|
|
|a 2476-1419
|l 2476-1397
|y 2476-1397
|
| 035 |
|
|
|a (WaSeSS)ssj0001755538
|
| 037 |
|
|
|a 22573/ctvgrmx2x
|b JSTOR
|
| 040 |
|
|
|a DLC
|b eng
|c DLC
|d DLC
|d OCLCO
|d COD
|d HUL
|d VT2
|d TEF
|d WaSeSS
|
| 042 |
|
|
|a pcc
|a nsdp
|
| 050 |
|
4 |
|a HC59.69
|b .J68
|
| 082 |
1 |
0 |
|a 909
|2 12
|
| 222 |
|
0 |
|a Journal of global south studies
|b (Online)
|
| 245 |
0 |
0 |
|a Journal of global south studies
|h [electronic resource].
|
| 246 |
1 |
|
|a JGSS
|
| 260 |
|
|
|a Americus, Georgia :
|b Association of Global South Studies, Inc.,
|c [2016]-
|
| 310 |
|
|
|a Semiannual
|
| 362 |
1 |
|
|a Began with: Volume 33, no. 1 (spring 2016).
|
| 506 |
|
|
|a License restrictions may limit access.
|
| 588 |
|
|
|a Description based on: Volume 33, no. 1 (spring 2016); title from journal information page (EBSCO website, viewed on March 14, 2017).
|
| 588 |
|
|
|a Latest issue consulted: Volume 33, no. 1 (spring 2016) (viewed on March 14, 2017).
|
| 650 |
|
7 |
|a International relations.
|2 fast
|0 (OCoLC)fst00977053
|
| 651 |
|
0 |
|a Developing countries
|v Periodicals.
|
| 651 |
|
0 |
|a United States
|x Relations
|z Developing countries
|v Periodicals.
|
| 651 |
|
0 |
|a Developing countries
|x Relations
|z United States
|v Periodicals.
|
| 651 |
|
7 |
|a Developing countries.
|2 fast
|0 (OCoLC)fst01242969
|
| 651 |
|
7 |
|a United States.
|2 fast
|0 (OCoLC)fst01204155
|
| 655 |
|
0 |
|a Electronic journals.
|
| 710 |
2 |
|
|a Association of Global South Studies.
|
| 776 |
0 |
8 |
|i Print version:
|t Journal of global south studies
|x 2476-1397
|w (DLC) 2016233544
|w (OCoLC)962931686
|
| 780 |
0 |
0 |
|t Journal of third world studies
|w (DLC) 2017247515
|w (OCoLC)44699802
|
| 856 |
4 |
0 |
|z Full text available from Research Library: 2016 to present
|u https://search.proquest.com/publication/33899
|